Mahatma Gandhi's letters on brahmacharya : (Record no. 93968)
[ view plain ]
| 000 -LEADER | |
|---|---|
| fixed length control field | 00663nam a22002057a 4500 |
| 005 - DATE AND TIME OF LATEST TRANSACTION | |
| control field | 20221213151702.0 |
| 010 ## - LCCN (DPL NO) | |
| LC control number | ENG-113253 ENG-135845 |
| 020 ## - INTERNATIONAL STANDARD BOOK NUMBER | |
| Terms of availability | 350.00 |
| International Standard Book Number | 9789380828329 |
| 035 ## - SYSTEM CONTROL NUMBER | |
| System control number | EN-96785 |
| 035 ## - SYSTEM CONTROL NUMBER | |
| System control number | EN-119377 |
| 037 ## - SOURCE OF ACQUISITION | |
| Source of stock number/acquisition | DBAD/PUB |
| 082 ## - DEWEY DECIMAL CLASSIFICATION NUMBER | |
| Classification number | 301.153 |
| 100 ## - MAIN ENTRY--PERSONAL NAME | |
| Personal name | Girja Kumar |
| 245 ## - TITLE STATEMENT | |
| Title | Mahatma Gandhi's letters on brahmacharya : |
| Statement of responsibility, etc | by Girja Kumar |
| Remainder of title | sexuality and love / |
| 260 ## - PUBLICATION, DISTRIBUTION, ETC. (IMPRINT) | |
| Place of publication, distribution, etc | New Delhi |
| Name of publisher, distributor, etc | Vitasta Publishing |
| Date of publication, distribution, etc | 2015(repr.) |
| 270 ## - ADDRESS | |
| Address | 2/15, Ansari Road, Daryaganj |
| City | New Delhi |
| Postal code | 110002 |
| 300 ## - PHYSICAL DESCRIPTION | |
| Extent | 378p. |
| Dimensions | 22cm(pbk) |
| 500 ## - GENERAL NOTE | |
| General note | Includes bibliographical references and index |
| 942 ## - ADDED ENTRY ELEMENTS (KOHA) | |
| Source of classification or shelving scheme | Dewey Decimal Classification |
| Item type | English Books |
| Call number suffix | GIR |
| Classification part | 301.153 |
| Withdrawn status | Lost status | Not for loan | Collection code | Home library | Current library | Date acquired | Source of acquisition | Cost, normal purchase price | Full call number | Barcode | Copy number | Cost, replacement price | Koha item type |
|---|---|---|---|---|---|---|---|---|---|---|---|---|---|
| Non-fiction | Central Jail Tihar | Central Jail Tihar | 13/12/2022 | DBAD/PUB | 350.00 | 301.153 GIR | EN-119377 | 2 | 350.00 | English Books | |||
| Not For Loan | Non-fiction | D.B.Act.Division | D.B.Act.Division | 27/05/2015 | DBAD/PUB | 350.00 | 301.153 GIR | EN-96785 | 1 | 350.00 | English Books |
